<?xml version="1.0" encoding="UTF-8"?>
<marc:record xmlns:marc="http://www.loc.gov/MARC21/slim">
   <marc:leader>00000nam a2200000 a 4500</marc:leader>
   <marc:datafield ind1="1" ind2=" " tag="100">
      <marc:subfield code="a">Kötz, Jonas</marc:subfield>
      <marc:subfield code="4">aut</marc:subfield>
      <marc:subfield code="e">Verfasser/-in</marc:subfield>
   </marc:datafield>
   <marc:datafield ind1="0" ind2="0" tag="245">
      <marc:subfield code="a">Als die Milch sauer wurde</marc:subfield>
   </marc:datafield>
   <marc:datafield ind1="0" ind2="0" tag="245">
      <marc:subfield code="c">Jonas Kötz ;</marc:subfield>
   </marc:datafield>
   <marc:datafield ind1=" " ind2="1" tag="264">
      <marc:subfield code="a">Stuttgart</marc:subfield>
      <marc:subfield code="b">Thienemann</marc:subfield>
      <marc:subfield code="c">1998</marc:subfield>
   </marc:datafield>
   <marc:datafield ind1="1" ind2=" " tag="520">
      <marc:subfield code="a">In plakativen Farben illustriertes Bilderbuch über Rosa die Kuh, deren Milch durch zuviel wildes Tanzen sauer wird. (JD) (ab 3)   Sauer macht lustig - oder macht lustig sauer? Eher letzteres muß man angesichts dieses sorgsam layoutierten Bilderbuchs über die liebsten Freizeitaktivitäten einer modernen Milchkuh vermuten. Großformatige, teilweise an den Stil Wolf Erlbruchs erinnernde Illustrationen begleiten den leider wenig originellen Text: Bauer Dietrich liebt nichts mehr, als gleich nach dem morgendlichen Melken seiner Kuh Rosa eine Tasse frischer Milch zu trinken. Eines Tages jedoch ist die Milch sauer. Weder der Tierarzt aus dem Dorf noch der aus der Stadt noch die hellseherisch begabte Nachbarin können helfen, bis der schlaue Bauer, nach klassischem Erzählmuster, schließlich selbst den mysteriösen Vorgängen auf die Spur kommt: Rosa die Kuh nämlich feiert jede Nacht wildeste Parties und tanzt so "doll, daß ihr Euter hin- und herwackelt". Kein Wunder also, so die tiefe Erkenntnis der allzu plakativ witzigen Geschichte, daß die Milch dabei sauer wird. - Seinen Reiz erhält dieser "nette" Bauernhofbilderbuchkrimi vor allem durch die Illustrationen. Die stark umrissenen und oft aus schrägem Blickwinkel eingefangenen Figuren im abstrahierenden Comicstil sind collagenartig auf bunte, großflächige Hintergründe geklebt; das Layout wird durch verschiedene, die Bildränder überlappenden Gegenstände aufgelockert. - Ab mittleren Beständen.  *bn* Silke Rabus</marc:subfield>
   </marc:datafield>
   <marc:datafield ind1=" " ind2=" " tag="020">
      <marc:subfield code="a">9783522432719</marc:subfield>
      <marc:subfield code="9">9783522432719</marc:subfield>
   </marc:datafield>
   <marc:datafield ind1=" " ind2=" " tag="041">
      <marc:subfield code="a">ger</marc:subfield>
   </marc:datafield>
   <marc:datafield ind1=" " ind2=" " tag="300">
      <marc:subfield code="a">[13] Bl. : durchg. I</marc:subfield>
   </marc:datafield>
</marc:record>
